[Event "Deutsche Ländermeisterschaft 2017"]
[Site "Hannover GER"]
[Date "2017.10.03"]
[Round "5"]
[White "Färber, David"]
[Black "Ronge, Tim Hendrik"]
[Result "1/2-1/2"]
[Termination "normal"]
[Board "3.3"]
[WhiteElo "2247"]
[BlackElo "2125"]
[WhiteClock "00:23:41"]
[BlackClock "00:44:06"]
[WhiteTeam "Baden 1"]
[BlackTeam "Rheinland-Pfalz"]
[PlyCount "86"]
[WhiteFideId "12971294"]
[BlackFideId "12955418"]
[EventCountry "GER"]
[EventRounds "7"]
[EventType "team-swiss"]
[EventDate "2017.09.29"]

1. e4 {[%clk 1:30:58]} c5 {[%clk 1:30:57]} 2. Nf3 {[%clk 1:31:11]} Nc6 {[%clk
1:31:22]} 3. d4 {[%clk 1:31:34]} cxd4 {[%clk 1:31:48]} 4. Nxd4 {[%clk 1:31:56]}
Nf6 {[%clk 1:32:14]} 5. Nc3 {[%clk 1:32:15]} e5 {[%clk 1:32:39]} 6. Ndb5 {[%clk
1:32:39]} d6 {[%clk 1:33:05]} 7. Bg5 {[%clk 1:32:58]} a6 {[%clk 1:33:30]} 8.
Na3 {[%clk 1:33:14]} b5 {[%clk 1:33:55]} 9. Nd5 {[%clk 1:33:35]} Be7 {[%clk
1:34:23]} 10. Bxf6 {[%clk 1:33:55]} Bxf6 {[%clk 1:34:49]} 11. c4 {[%clk
1:34:14]} b4 {[%clk 1:35:04]} 12. Nc2 {[%clk 1:34:19]} a5 {[%clk 1:35:27]} 13.
Qf3 {[%clk 1:34:42]} Be6 {[%clk 1:35:38]} 14. Rd1 {[%clk 1:31:42]} O-O {[%clk
1:31:00]} 15. Nxf6+ {[%clk 1:29:28]} gxf6 {[%clk 1:31:14]} 16. Be2 {[%clk
1:10:55]} a4 {[%clk 1:29:43]} 17. O-O {[%clk 1:05:26]} Qe7 {[%clk 1:29:58]} 18.
Qd3 {[%clk 0:59:44]} b3 {[%clk 1:25:29]} 19. axb3 {[%clk 0:59:44]} axb3 20.
Qxb3 {[%clk 0:54:09]} Rfb8 {[%clk 1:21:56]} 21. Qc3 {[%clk 0:50:41]} Ra2 {[%clk
1:15:40]} 22. b3 {[%clk 0:38:08]} Kh8 {[%clk 0:57:13]} 23. Ra1 {[%clk 0:29:28]}
Qa7 {[%clk 0:45:02]} 24. Bd3 {[%clk 0:22:03]} Rxa1 {[%clk 0:39:26]} 25. Rxa1
{[%clk 0:22:15]} Qb6 {[%clk 0:39:52]} 26. b4 {[%clk 0:18:15]} Nd4 {[%clk
0:39:16]} 27. Rb1 {[%clk 0:15:17]} Nxc2 {[%clk 0:31:30]} 28. Qxc2 {[%clk
0:14:53]} Qd4 {[%clk 0:31:43]} 29. Bf1 {[%clk 0:13:49]} Rc8 {[%clk 0:30:51]}
30. Rd1 {[%clk 0:12:25]} Qb6 {[%clk 0:31:10]} 31. Qb3 {[%clk 0:12:07]} Qc6
{[%clk 0:23:42]} 32. Qf3 {[%clk 0:11:17]} Kg7 {[%clk 0:24:00]} 33. Qg3+ {[%clk
0:11:31]} Kf8 {[%clk 0:24:24]} 34. Qf3 {[%clk 0:11:14]} Ke7 {[%clk 0:23:19]}
35. Rc1 {[%clk 0:09:00]} Rb8 {[%clk 0:21:07]} 36. Rb1 {[%clk 0:06:46]} Rc8
{[%clk 0:18:16]} 37. b5 {[%clk 0:05:10]} Qc5 {[%clk 0:18:39]} 38. b6 {[%clk
0:03:58]} Rb8 {[%clk 0:17:27]} 39. Qb3 {[%clk 0:03:13]} Rb7 {[%clk 0:17:15]}
40. h3 {[%clk 0:02:38]} Bd7 {[%clk 0:16:17]} 41. Bd3 {[%clk 0:29:34]} Bc6
{[%clk 0:44:54]} 42. Qb2 {[%clk 0:28:22]} Rb8 {[%clk 0:44:19]} 43. Kh1 {[%clk
0:23:41]} Rb7 {[%clk 0:44:06]} 1/2-1/2

[Event "Deutsche Ländermeisterschaft 2017"]
[Site "Hannover GER"]
[Date "2017.10.03"]
[Round "5"]
[White "Yankelevich, Michael"]
[Black "Trifan, Andrei Ioan"]
[Result "1/2-1/2"]
[Termination "normal"]
[Board "3.4"]
[WhiteElo "1919"]
[BlackElo "2197"]
[WhiteClock "01:06:17"]
[BlackClock "00:12:50"]
[WhiteTeam "Rheinland-Pfalz"]
[BlackTeam "Baden 1"]
[PlyCount "132"]
[WhiteFideId "12921440"]
[BlackFideId "12967068"]
[EventCountry "GER"]
[EventRounds "7"]
[EventType "team-swiss"]
[EventDate "2017.09.29"]

1. d4 {[%clk 1:30:47]} Nf6 {[%clk 1:29:36]} 2. Nf3 {[%clk 1:30:41]} g6 {[%clk
1:29:24]} 3. Nbd2 {[%clk 1:29:28]} Bg7 {[%clk 1:26:01]} 4. e4 {[%clk 1:27:46]}
O-O {[%clk 1:24:23]} 5. c3 {[%clk 1:26:47]} d6 {[%clk 1:23:16]} 6. Bd3 {[%clk
1:25:18]} e5 {[%clk 1:19:35]} 7. O-O {[%clk 1:24:17]} Nc6 {[%clk 1:13:23]} 8.
h3 {[%clk 1:21:59]} Nh5 {[%clk 1:02:24]} 9. Nb3 {[%clk 1:21:29]} Qe8 {[%clk
0:56:01]} 10. Re1 {[%clk 1:18:43]} f5 {[%clk 0:52:38]} 11. exf5 {[%clk
1:16:50]} gxf5 {[%clk 0:50:57]} 12. dxe5 dxe5 {[%clk 0:49:46]} 13. Ng5 {[%clk
1:16:32]} h6 {[%clk 0:44:16]} 14. Bc4+ {[%clk 1:14:14]} Kh8 {[%clk 0:42:54]}
15. Nf7+ Rxf7 {[%clk 0:42:02]} 16. Qxh5 {[%clk 1:14:52]} Rf8 {[%clk 0:40:26]}
17. Qh4 {[%clk 1:14:00]} Qg6 {[%clk 0:37:59]} 18. Be2 {[%clk 1:11:15]} f4
{[%clk 0:33:53]} 19. Bh5 {[%clk 1:09:52]} Bf6 {[%clk 0:29:53]} 20. Bxg6 {[%clk
1:07:41]} Bxh4 {[%clk 0:30:11]} 21. Be4 {[%clk 1:07:07]} Rg8 {[%clk 0:28:46]}
22. Kf1 {[%clk 1:05:44]} Be6 {[%clk 0:21:55]} 23. Nc5 {[%clk 1:01:03]} Bc4+
{[%clk 0:18:45]} 24. Kg1 {[%clk 1:00:28]} Raf8 {[%clk 0:17:27]} 25. Bf3 {[%clk
1:00:28]} e4 {[%clk 0:15:20]} 26. Nxe4 {[%clk 0:57:55]} Ne5 {[%clk 0:14:48]}
27. Nd2 {[%clk 0:55:04]} Re8 {[%clk 0:10:55]} 28. Kh1 {[%clk 0:46:24]} Bxf2
{[%clk 0:09:27]} 29. Nxc4 {[%clk 0:46:39]} Bxe1 {[%clk 0:07:54]} 30. Nxe5
{[%clk 0:47:02]} Rxe5 {[%clk 0:08:01]} 31. Bxf4 {[%clk 0:47:22]} Re7 {[%clk
0:07:46]} 32. Kh2 {[%clk 0:46:11]} Kh7 {[%clk 0:07:13]} 33. Rd1 {[%clk
0:46:12]} Rf8 {[%clk 0:06:19]} 34. g3 {[%clk 0:46:11]} Bf2 {[%clk 0:05:07]} 35.
Kg2 {[%clk 0:46:15]} Be3 {[%clk 0:04:43]} 36. Bxe3 {[%clk 0:45:45]} Rxe3 {[%clk
0:04:57]} 37. Rd7+ {[%clk 0:45:49]} Kh8 {[%clk 0:04:58]} 38. Bh5 {[%clk
0:45:23]} Rg8 {[%clk 0:04:34]} 39. Bf3 {[%clk 0:45:19]} Rf8 {[%clk 0:05:01]}
40. Bh5 {[%clk 0:45:39]} Re5 {[%clk 0:04:36]} 41. Bf3 {[%clk 0:45:06]} Ref5
{[%clk 0:02:54]} 42. Rd3 {[%clk 0:45:28]} c5 {[%clk 0:00:32]} 43. b3 {[%clk
0:44:37]} b5 {[%clk 0:29:22]} 44. g4 {[%clk 1:12:39]} c4 {[%clk 0:27:31]} 45.
Re3 {[%clk 1:12:44]} R5f6 {[%clk 0:27:16]} 46. Kg3 {[%clk 1:12:54]} Ra6 {[%clk
0:25:48]} 47. Re2 {[%clk 1:12:23]} Ra3 {[%clk 0:25:20]} 48. Bd5 {[%clk
1:12:19]} Rd8 {[%clk 0:25:03]} 49. Re5 {[%clk 1:10:50]} Rxa2 {[%clk 0:23:46]}
50. bxc4 {[%clk 1:11:14]} bxc4 {[%clk 0:23:14]} 51. Bxc4 {[%clk 1:09:22]} Ra3
{[%clk 0:22:50]} 52. Kh4 {[%clk 1:08:51]} Rxc3 {[%clk 0:22:40]} 53. Be2 {[%clk
1:08:40]} Ra8 {[%clk 0:20:11]} 54. Ba6 {[%clk 1:08:28]} Ra3 {[%clk 0:20:01]}
55. Re6 {[%clk 1:08:43]} Kg7 {[%clk 0:20:04]} 56. Bc4 {[%clk 1:07:40]} a5
{[%clk 0:19:54]} 57. Re7+ {[%clk 1:08:01]} Kf6 {[%clk 0:19:23]} 58. Re6+ {[%clk
1:08:25]} Kg7 {[%clk 0:19:50]} 59. Re7+ {[%clk 1:08:40]} Kh8 {[%clk 0:14:18]}
60. Kh5 {[%clk 1:07:36]} Rc3 {[%clk 0:12:51]} 61. Be6 {[%clk 1:05:48]} Rg8
{[%clk 0:11:49]} 62. Bxg8 {[%clk 1:05:36]} Kxg8 {[%clk 0:12:18]} 63. h4 {[%clk
1:05:44]} Rc6 {[%clk 0:11:53]} 64. Ra7 {[%clk 1:05:51]} a4 {[%clk 0:12:01]} 65.
Rxa4 {[%clk 1:06:08]} Kg7 {[%clk 0:12:21]} 66. Ra7+ {[%clk 1:06:17]} Kg8 {[%clk
0:12:50]} 1/2-1/2

[Event "Deutsche Ländermeisterschaft 2017"]
[Site "Hannover GER"]
[Date "2017.10.03"]
[Round "5"]
[White "Mütsch, Annmarie"]
[Black "Musiolik, David"]
[Result "1-0"]
[Termination "normal"]
[Board "3.5"]
[WhiteElo "2137"]
[BlackElo "1952"]
[WhiteClock "00:04:58"]
[BlackClock "00:01:37"]
[WhiteTeam "Baden 1"]
[BlackTeam "Rheinland-Pfalz"]
[PlyCount "115"]
[WhiteFideId "12971367"]
[BlackFideId "12972355"]
[EventCountry "GER"]
[EventRounds "7"]
[EventType "team-swiss"]
[EventDate "2017.09.29"]

1. e4 {[%clk 1:30:58]} e6 {[%clk 1:30:55]} 2. d4 {[%clk 1:31:24]} d5 {[%clk
1:31:21]} 3. Nd2 {[%clk 1:31:51]} Nf6 {[%clk 1:31:41]} 4. e5 {[%clk 1:32:17]}
Nfd7 {[%clk 1:32:05]} 5. f4 {[%clk 1:32:30]} c5 {[%clk 1:27:25]} 6. c3 {[%clk
1:30:56]} Nc6 {[%clk 1:26:16]} 7. Ndf3 {[%clk 1:31:00]} Be7 {[%clk 1:24:58]} 8.
h4 {[%clk 1:28:49]} f6 {[%clk 1:02:29]} 9. Bd3 {[%clk 1:22:30]} cxd4 {[%clk
0:57:20]} 10. cxd4 {[%clk 1:22:31]} Nf8 {[%clk 0:54:58]} 11. h5 {[%clk
1:14:51]} Bd7 {[%clk 0:48:36]} 12. Ne2 {[%clk 1:06:25]} Qb6 {[%clk 0:43:59]}
13. Kf2 {[%clk 1:03:08]} O-O-O {[%clk 0:42:15]} 14. a3 {[%clk 0:59:32]} Na5
{[%clk 0:39:54]} 15. b4 {[%clk 0:46:48]} Nc4 {[%clk 0:39:32]} 16. Bxc4 {[%clk
0:44:23]} dxc4 {[%clk 0:39:52]} 17. Be3 {[%clk 0:42:58]} Qa6 {[%clk 0:34:14]}
18. Nc3 {[%clk 0:40:17]} Bc6 {[%clk 0:32:18]} 19. Qc2 {[%clk 0:34:49]} Kb8
{[%clk 0:27:42]} 20. Rhb1 {[%clk 0:34:04]} Bd5 {[%clk 0:27:06]} 21. b5 {[%clk
0:23:21]} Qa5 {[%clk 0:24:35]} 22. Na4 {[%clk 0:19:33]} Be4 {[%clk 0:20:06]}
23. Qxe4 {[%clk 0:19:26]} Qxa4 {[%clk 0:20:30]} 24. Bd2 {[%clk 0:12:45]} f5
{[%clk 0:17:37]} 25. Qe2 {[%clk 0:12:59]} Nd7 {[%clk 0:16:24]} 26. Bb4 {[%clk
0:11:51]} Rhe8 {[%clk 0:15:57]} 27. Bxe7 {[%clk 0:04:55]} Rxe7 {[%clk 0:16:22]}
28. Rb4 {[%clk 0:05:15]} Qa5 {[%clk 0:16:36]} 29. Rxc4 {[%clk 0:02:42]} Nb6
{[%clk 0:16:03]} 30. Rc2 {[%clk 0:02:12]} Nd5 {[%clk 0:15:32]} 31. g3 {[%clk
0:01:49]} Nc3 {[%clk 0:08:51]} 32. Qd3 {[%clk 0:01:30]} Nxb5 {[%clk 0:08:47]}
33. Rc5 {[%clk 0:00:52]} a6 {[%clk 0:09:05]} 34. a4 {[%clk 0:00:44]} Rc7 {[%clk
0:08:30]} 35. Rxc7 {[%clk 0:00:36]} Nxc7 {[%clk 0:08:53]} 36. Qb3 {[%clk
0:00:36]} Nd5 {[%clk 0:08:26]} 37. Rb1 {[%clk 0:00:40]} Rd7 {[%clk 0:08:47]}
38. Rb2 {[%clk 0:00:34]} Qc3 {[%clk 0:08:09]} 39. Qxc3 {[%clk 0:00:39]} Nxc3
{[%clk 0:08:38]} 40. Rb6 {[%clk 0:00:37]} Ne4+ {[%clk 0:02:16]} 41. Kg2 {[%clk
0:26:19]} Re7 {[%clk 0:31:35]} 42. Ng5 {[%clk 0:21:10]} Nxg5 {[%clk 0:28:08]}
43. fxg5 {[%clk 0:21:36]} Kc7 {[%clk 0:21:27]} 44. a5 {[%clk 0:21:42]} Rd7
{[%clk 0:08:45]} 45. Rxe6 {[%clk 0:20:01]} Rxd4 {[%clk 0:09:05]} 46. h6 {[%clk
0:16:41]} gxh6 {[%clk 0:07:28]} 47. gxh6 {[%clk 0:13:35]} Rd5 {[%clk 0:02:19]}
48. Re7+ {[%clk 0:11:58]} Kc6 {[%clk 0:02:14]} 49. Rxh7 {[%clk 0:11:47]} Rxe5
{[%clk 0:02:31]} 50. Rf7 {[%clk 0:11:40]} Re8 {[%clk 0:01:57]} 51. Rxf5 {[%clk
0:11:18]} Rh8 {[%clk 0:02:11]} 52. Rh5 {[%clk 0:06:30]} b5 {[%clk 0:01:07]} 53.
axb6 {[%clk 0:06:50]} Kxb6 {[%clk 0:01:27]} 54. g4 {[%clk 0:06:53]} a5 {[%clk
0:01:10]} 55. g5 {[%clk 0:05:39]} a4 {[%clk 0:01:32]} 56. g6 {[%clk 0:05:45]}
a3 {[%clk 0:01:11]} 57. g7 {[%clk 0:04:42]} Rg8 {[%clk 0:01:37]} 58. Rh3 {[%clk
0:04:58]} 1-0

[Event "Deutsche Ländermeisterschaft 2017"]
[Site "Hannover GER"]
[Date "2017.10.03"]
[Round "5"]
[White "Morio, Estelle"]
[Black "Ziegenfuß, Antonia"]
[Result "1/2-1/2"]
[Termination "normal"]
[Board "3.6"]
[WhiteElo "1844"]
[BlackElo "1956"]
[WhiteClock "00:01:28"]
[BlackClock "00:03:44"]
[WhiteTeam "Rheinland-Pfalz"]
[BlackTeam "Baden 1"]
[PlyCount "229"]
[WhiteFideId "12951951"]
[BlackFideId "12962554"]
[EventCountry "GER"]
[EventRounds "7"]
[EventType "team-swiss"]
[EventDate "2017.09.29"]

1. d4 d5 2. Nf3 e6 3. g3 Nf6 4. Bg2 b5 5. O-O Nbd7 6. a4 b4 7. c4 bxc3 8. Nxc3
Be7 9. Bf4 a6 10. Qc2 Bb7 11. Rab1 c5 12. dxc5 Nxc5 13. Rfc1 Rc8 14. Qd1 O-O
15. b4 Nce4 16. Nxe4 Nxe4 17. Rxc8 Bxc8 18. Qb3 Bd7 19. Ne5 Nd6 20. Rc1 Bg5 21.
Bxg5 Qxg5 22. Nd3 Nc4 23. Rd1 Rc8 24. Nc5 Be8 25. h3 a5 26. Nd3 axb4 27. Qxb4
Qd8 28. Rb1 Qa5 29. Qxa5 Nxa5 30. Ne5 f6 31. Nd3 Rc4 32. Nf4 Bxa4 33. Nxe6 Bc6
34. Rb8+ Kf7 35. Nd8+ Kg6 36. Nxc6 Nxc6 37. Rb2 Nb4 38. Rd2 d4 39. f4 Kf5 40.
Kf2 Nc2 41. Bd5 Rc3 42. Ba2 Nb4 43. Bb1+ d3 44. Bxd3+ Nxd3+ 45. exd3 g5 46.
fxg5 fxg5 47. Ke3 Rc6 48. g4+ Ke6 49. Rf2 Ra6 50. Rf3 Ra3 51. Kd4 Ra4+ 52. Kc5
Ra3 53. Kd4 Ra4+ 54. Ke3 Ra3 55. Rf5 h6 56. Rf8 Ke7 57. Rf3 Ke6 58. Rf2 Ra4 59.
Rb2 Ra6 60. Rb3 Kd5 61. Rb5+ Ke6 62. Rf5 Ra3 63. Rb5 Ra6 64. Ke4 Ra4+ 65. d4
Ra6 66. Rb3 Rd6 67. Rf3 Rd7 68. Rf5 Rd6 69. d5+ Ke7 70. Ke5 Ra6 71. Rf3 Ra1 72.
Rb3 Re1+ 73. Kd4 Rd1+ 74. Kc4 Rc1+ 75. Rc3 Rd1 76. Kc5 Kd7 77. Rb3 Rc1+ 78. Kd4
Rd1+ 79. Rd3 Re1 80. Re3 Rd1+ 81. Ke5 Ke7 82. Kf5+ Kf7 83. Ke4 Ke7 84. Ke5 Kd7
85. Rb3 Re1+ 86. Kf6 Kd6 87. Kg6 Rc1 88. Kxh6 Kxd5 89. Rf3 Ke6 90. Kg6 Rc5 91.
Rf5 Rc3 92. Kxg5 Rxh3 93. Kg6 Rh8 94. Kg7 Rh4 95. Rf6+ Ke7 96. g5 Rg4 97. g6
Rg3 98. Rf5 Ke6 99. Rf6+ Ke7 100. Ra6 Rg1 101. Ra5 Rh1 102. Kg8 Rg1 103. Ra7+
Ke8 104. Kg7 Rg2 105. Rf7 Rh2 106. Rf4 Re2 107. Kh6 Rh2+ 108. Kg5 Rg2+ 109. Kh6
Rh2+ 110. Kg5 Rg2+ 111. Kf5 Kf8 112. Kf6 Kg8 113. Re4 Rf2+ 114. Kg5 Rg2+ 115.
Kf5 1/2-1/2

[Event "Deutsche Ländermeisterschaft 2017"]
[Site "Hannover GER"]
[Date "2017.10.03"]
[Round "5"]
[White "Basovskiy, Jana"]
[Black "Reitz, Theresa"]
[Result "1-0"]
[Termination "normal"]
[Board "3.7"]
[WhiteElo "1825"]
[BlackElo "1730"]
[WhiteClock "00:25:03"]
[BlackClock "00:01:02"]
[WhiteTeam "Baden 1"]
[BlackTeam "Rheinland-Pfalz"]
[PlyCount "123"]
[WhiteFideId "16208617"]
[BlackFideId "12971901"]
[EventCountry "GER"]
[EventRounds "7"]
[EventType "team-swiss"]
[EventDate "2017.09.29"]

1. e4 {[%clk 1:30:58]} d5 {[%clk 1:30:48]} 2. exd5 {[%clk 1:31:21]} Qxd5 {[%clk
1:31:13]} 3. Nc3 {[%clk 1:31:44]} Qd6 {[%clk 1:31:28]} 4. d4 {[%clk 1:30:11]}
Nf6 {[%clk 1:31:42]} 5. Nf3 {[%clk 1:29:29]} a6 {[%clk 1:31:47]} 6. Be3 {[%clk
1:24:55]} Nc6 {[%clk 1:26:15]} 7. h3 {[%clk 1:22:15]} Bf5 {[%clk 1:17:25]} 8.
Bc4 {[%clk 1:13:08]} e6 {[%clk 1:13:43]} 9. Qd2 {[%clk 1:08:00]} Be7 {[%clk
1:10:57]} 10. O-O {[%clk 1:02:18]} h6 {[%clk 1:09:01]} 11. Bf4 {[%clk 0:57:10]}
Qd7 {[%clk 1:07:34]} 12. Rad1 {[%clk 0:56:31]} Nd5 {[%clk 1:03:39]} 13. Bh2
{[%clk 0:51:04]} O-O-O {[%clk 1:01:08]} 14. Ne5 Nxe5 {[%clk 0:59:53]} 15. Bxe5
{[%clk 0:42:01]} Rhg8 {[%clk 0:56:03]} 16. Bb3 {[%clk 0:39:36]} Bb4 {[%clk
0:44:44]} 17. Bxd5 {[%clk 0:34:12]} exd5 {[%clk 0:44:43]} 18. a3 {[%clk
0:34:37]} Be7 {[%clk 0:44:30]} 19. b4 {[%clk 0:34:42]} b6 {[%clk 0:43:02]} 20.
Rb1 {[%clk 0:33:09]} g5 {[%clk 0:41:18]} 21. Qe2 {[%clk 0:29:17]} Kb7 {[%clk
0:39:26]} 22. b5 {[%clk 0:27:18]} a5 {[%clk 0:39:09]} 23. Na4 {[%clk 0:26:34]}
g4 {[%clk 0:35:34]} 24. hxg4 {[%clk 0:26:27]} Bxg4 {[%clk 0:34:30]} 25. Qe3
{[%clk 0:26:36]} Bh3 {[%clk 0:28:41]} 26. Bg3 {[%clk 0:26:44]} Bf5 {[%clk
0:22:35]} 27. Rbe1 {[%clk 0:23:19]} Bd6 {[%clk 0:18:49]} 28. Bxd6 {[%clk
0:18:08]} Qxd6 {[%clk 0:18:47]} 29. Rc1 {[%clk 0:13:13]} Qg6 {[%clk 0:17:40]}
30. g3 {[%clk 0:12:44]} Bh3 {[%clk 0:14:00]} 31. Rfe1 {[%clk 0:12:28]} Qd6
{[%clk 0:09:48]} 32. c4 {[%clk 0:12:11]} dxc4 {[%clk 0:04:11]} 33. Qf3+ {[%clk
0:12:21]} Qd5 {[%clk 0:01:16]} 34. Qxd5+ {[%clk 0:12:45]} Rxd5 35. Rxc4 {[%clk
0:13:04]} Rxb5 {[%clk 0:01:48]} 36. Re7 {[%clk 0:11:33]} Rc8 {[%clk 0:02:04]}
37. Nc3 {[%clk 0:11:19]} Rg5 {[%clk 0:01:20]} 38. d5 {[%clk 0:11:27]} Kb8
{[%clk 0:00:46]} 39. Rxf7 {[%clk 0:07:38]} h5 {[%clk 0:00:34]} 40. Nb5 {[%clk
0:06:04]} Rxd5 {[%clk 0:00:37]} 41. Nxc7 {[%clk 0:06:25]} Rd1+ {[%clk 0:25:36]}
42. Kh2 {[%clk 0:37:06]} Be6 {[%clk 0:25:11]} 43. Na6+ {[%clk 0:35:56]} Ka8
{[%clk 0:25:22]} 44. Rxc8+ {[%clk 0:35:38]} Bxc8 {[%clk 0:25:51]} 45. Nc7+
{[%clk 0:35:28]} Kb8 {[%clk 0:26:16]} 46. Nb5 {[%clk 0:35:24]} Rb1 {[%clk
0:24:50]} 47. a4 {[%clk 0:33:06]} Rb4 {[%clk 0:22:15]} 48. Rf8 {[%clk 0:30:26]}
Rc4 {[%clk 0:21:00]} 49. Nd6 {[%clk 0:29:31]} Rc6 {[%clk 0:19:55]} 50. Nxc8
{[%clk 0:29:52]} Rxc8 {[%clk 0:20:21]} 51. Rf5 {[%clk 0:30:17]} Rc4 {[%clk
0:17:39]} 52. Rxh5 {[%clk 0:30:07]} Rxa4 {[%clk 0:18:06]} 53. f4 {[%clk
0:30:26]} Ra2+ {[%clk 0:17:41]} 54. Kh3 {[%clk 0:30:51]} Kb7 {[%clk 0:16:37]}
55. g4 {[%clk 0:30:44]} a4 {[%clk 0:15:46]} 56. g5 {[%clk 0:29:21]} a3 {[%clk
0:13:19]} 57. Rh7+ {[%clk 0:28:56]} Kc6 {[%clk 0:08:31]} 58. g6 {[%clk
0:28:11]} Ra1 {[%clk 0:07:13]} 59. Kg2 {[%clk 0:28:24]} Ra2+ {[%clk 0:06:03]}
60. Kf3 {[%clk 0:28:14]} Ra1 {[%clk 0:05:32]} 61. Ra7 {[%clk 0:24:58]} a2
{[%clk 0:01:02]} 62. Kg2 {[%clk 0:25:03]} 1-0

[Event "Deutsche Ländermeisterschaft 2017"]
[Site "Hannover GER"]
[Date "2017.10.03"]
[Round "5"]
[White "Kalina, Lena"]
[Black "Wang, Xinyuan"]
[Result "0-1"]
[Termination "normal"]
[Board "3.8"]
[WhiteElo "1402"]
[BlackElo "1757"]
[WhiteClock "00:04:51"]
[BlackClock "00:50:23"]
[WhiteTeam "Rheinland-Pfalz"]
[BlackTeam "Baden 1"]
[PlyCount "76"]
[WhiteFideId "12988014"]
[BlackFideId "16221494"]
[EventCountry "GER"]
[EventRounds "7"]
[EventType "team-swiss"]
[EventDate "2017.09.29"]

1. d4 {[%clk 1:30:57]} Nf6 {[%clk 1:30:56]} 2. Nf3 {[%clk 1:31:20]} e6 {[%clk
1:31:20]} 3. c4 {[%clk 1:31:40]} Bb4+ {[%clk 1:31:44]} 4. Nbd2 {[%clk 1:31:57]}
b6 {[%clk 1:31:56]} 5. a3 {[%clk 1:32:12]} Bxd2+ {[%clk 1:32:21]} 6. Qxd2
{[%clk 1:32:32]} Ne4 {[%clk 1:32:13]} 7. Qc2 {[%clk 1:30:06]} f5 {[%clk
1:31:39]} 8. e3 {[%clk 1:27:49]} O-O {[%clk 1:31:30]} 9. Be2 {[%clk 1:25:13]}
Bb7 {[%clk 1:31:03]} 10. b4 {[%clk 1:23:43]} d6 {[%clk 1:30:26]} 11. Bb2 {[%clk
1:22:42]} Nd7 {[%clk 1:30:15]} 12. O-O {[%clk 1:21:16]} g5 {[%clk 1:29:03]} 13.
Nd2 {[%clk 1:14:59]} Nxd2 {[%clk 1:26:32]} 14. Qxd2 {[%clk 1:15:01]} g4 {[%clk
1:25:48]} 15. d5 {[%clk 1:10:58]} e5 {[%clk 1:21:47]} 16. e4 {[%clk 1:02:40]}
Qh4 {[%clk 1:17:41]} 17. g3 {[%clk 0:51:19]} Qh3 {[%clk 1:16:07]} 18. Qg5+
{[%clk 0:50:28]} Kh8 {[%clk 1:15:30]} 19. exf5 {[%clk 0:46:24]} Rg8 {[%clk
1:13:24]} 20. Qh4 {[%clk 0:44:14]} Qxh4 {[%clk 1:13:11]} 21. gxh4 {[%clk
0:44:27]} Raf8 {[%clk 1:12:03]} 22. Bd3 {[%clk 0:43:22]} b5 {[%clk 1:10:09]}
23. c5 {[%clk 0:40:02]} Bxd5 {[%clk 1:09:35]} 24. Bxb5 {[%clk 0:37:26]} Nf6
{[%clk 1:08:36]} 25. cxd6 {[%clk 0:33:57]} cxd6 {[%clk 1:08:50]} 26. Rad1
{[%clk 0:30:59]} Rd8 {[%clk 1:07:13]} 27. Bc1 {[%clk 0:29:36]} Bf3 {[%clk
1:04:34]} 28. Bg5 {[%clk 0:27:58]} Kg7 {[%clk 1:04:46]} 29. Rc1 {[%clk
0:24:08]} Rc8 {[%clk 1:04:18]} 30. Ba6 {[%clk 0:19:41]} Rxc1 {[%clk 0:56:28]}
31. Rxc1 {[%clk 0:19:11]} Rf8 {[%clk 0:56:43]} 32. Bc8 {[%clk 0:17:09]} Rf7
{[%clk 0:53:06]} 33. Be6 {[%clk 0:15:51]} Re7 {[%clk 0:52:03]} 34. Rc8 {[%clk
0:09:29]} h6 {[%clk 0:51:37]} 35. Bxf6+ {[%clk 0:07:22]} Kxf6 {[%clk 0:50:52]}
36. Rf8+ {[%clk 0:04:52]} Kg7 {[%clk 0:51:05]} 37. Rg8+ {[%clk 0:04:51]} Kh7
{[%clk 0:50:23]} 38. f6 Rc7 0-1

[Event "Deutsche Ländermeisterschaft 2017"]
[Site "Hannover GER"]
[Date "2017.10.03"]
[Round "5"]
[White "Richter, Leonard"]
[Black "Focke, Adrian"]
[Result "1-0"]
[Termination "normal"]
[Board "4.1"]
[WhiteElo "2268"]
[BlackElo "1768"]
[WhiteClock "00:32:36"]
[BlackClock "00:26:11"]
[WhiteTeam "Sachsen"]
[BlackTeam "Mecklenburg-Vorpommern"]
[PlyCount "47"]
[WhiteFideId "12900290"]
[BlackFideId "12969869"]
[EventCountry "GER"]
[EventRounds "7"]
[EventType "team-swiss"]
[EventDate "2017.09.29"]

1. e4 {[%clk 1:30:58]} c5 {[%clk 1:30:42]} 2. Nf3 {[%clk 1:31:23]} e6 {[%clk
1:30:36]} 3. d4 {[%clk 1:31:49]} cxd4 {[%clk 1:30:38]} 4. Nxd4 {[%clk 1:32:15]}
a6 {[%clk 1:30:59]} 5. Nc3 {[%clk 1:32:40]} Qc7 {[%clk 1:30:59]} 6. g3 {[%clk
1:32:58]} b6 {[%clk 1:29:21]} 7. Bg2 {[%clk 1:32:22]} Bb7 {[%clk 1:29:27]} 8.
O-O {[%clk 1:32:24]} Nf6 {[%clk 1:27:49]} 9. Qe2 {[%clk 1:31:05]} d6 {[%clk
1:23:49]} 10. Rd1 {[%clk 1:24:29]} Nbd7 {[%clk 1:21:21]} 11. f4 {[%clk
1:19:52]} Rb8 {[%clk 1:13:29]} 12. g4 h6 {[%clk 0:58:33]} 13. h4 {[%clk
0:44:39]} g6 {[%clk 0:45:32]} 14. f5 {[%clk 0:40:04]} e5 {[%clk 0:41:24]} 15.
Nb3 {[%clk 0:39:49]} Be7 {[%clk 0:37:23]} 16. g5 {[%clk 0:36:51]} hxg5 {[%clk
0:35:57]} 17. hxg5 {[%clk 0:37:15]} Nh5 {[%clk 0:35:16]} 18. f6 {[%clk
0:37:15]} Nhxf6 {[%clk 0:34:28]} 19. gxf6 {[%clk 0:37:35]} Bxf6 {[%clk
0:33:22]} 20. Nd5 {[%clk 0:35:37]} Bxd5 21. Rxd5 {[%clk 0:35:55]} Ke7 {[%clk
0:32:46]} 22. Be3 {[%clk 0:34:56]} Rh4 {[%clk 0:29:35]} 23. Rad1 {[%clk
0:33:59]} Rbh8 {[%clk 0:26:11]} 24. Qd2 {[%clk 0:32:36]} 1-0